000 00225nam a2200109 4500
082 _aKAZ
100 _aKami, S.M.A
245 _aSolid Mechanics
260 _aIndia:
_bTata McGraw-Hill,
_c1995.
300 _a450p. ;
942 _cBK
999 _c9205
_d9205